000 02933nam0a2200457 4500
001 RU\NLR\bibl\1234378
005 20260405143616.0
010 _a5-9716-0031-1
_9500
021 _aRU
_b2008-26953
_91488
035 _a(nilc)EL/0000194718
035 _aRUM0045564
035 _a(NLR Aleph) 001220628
090 _a136093
_c136093
100 _a20080421d2008 |||y0rusy50 ca
101 0 _arus
102 _aRU
105 _aa |||||||||
200 1 _aКоррекция морфофизиологического состояния у продуктивных животных в биогеохимических условиях Присурья и Засурья Чувашии с назначением биогенных соединений
_fАлексеев В. В., Григорьев С. Г., Арестова И. Ю., Шуканов А. А.
_gМ-во образования Рос. Федерации, Федер. агентство по образованию, ГОУ ВПО "Чуваш. гос. пед. ун-т им. И. Я. Яковлева"
210 _aКазань
_cМеддок
_d2008
215 _a256 с.
_cил.
_d22
320 _aБиблиогр.: с. 203-251 (331 назв.)
606 1 _aСельскохозяйственные животные
_xМорфология функциональная
_xБиогеохимические исследования
_yЧувашская Республика
_92515112
_3RU\NLR\auth\661490738
606 1 _aСельскохозяйственные животные
_xПродуктивность
_xВлияние биогенных стимуляторов
_yЧувашская Республика
_92515114
_3RU\NLR\auth\661490739
610 0 _aсвиньи
_aбычки
_aбиогеохимические провинции
_aкормовые добавки
_aбиогенные вещества
_aфизиологические показатели
_aжелезы внутренней секреции
_aморфометрия
_aкорреляционный анализ
675 _a636.08
_v4
686 _a68.03.05.21
_2rugasnti
686 _aП527.39(2Р351-6Чу)
686 _aП528(2Р351-6Чу)
686 _aП560(2Р351-6Чу)
701 1 _4340
_8rus
_7ca
_aАлексеев
_bВ. В.
_cд-р биол. наук
_f1973-
_gВладислав Вениаминович
_3RU\NLR\AUTH\7731436
_914446
701 1 _4070
_8rus
_7ca
_aГригорьев
_bС. Г.
_cканд. биол. наук
_gСтанислав Георгиевич
_3RU\NLR\auth\7759307
_942239
701 1 _aАрестова
_bИ. Ю.
_gИнесса Юрьевна
_4070
701 1 _aШуканов
_bА. А.
_gАлександр Андреевич
_4070
801 0 _aRU
_bЦНСХБ РАСХН
_c20080421
_gRCR
801 1 _aRU
_bЦНСХБ РАСХН
_c20080520
_2rusmarc
801 2 _aRU
_bNLR
_c20080529
_grcr
942 _cBOOK
980 _aNB
980 _aNBR